Films ibériques par images - Statistiques

Statistiques générales
  • Ce quiz a été pris 10 fois
  • Le résultat moyen est 5 sur 16
Statistiques - réponses
Par images Réponse % Correct
Tout sur ma mère
67%
Cría cuervos
56%
Le Labyrinthe de Pan
56%
[REC]
56%
As bestas
44%
Mystères de Lisbonne
33%
Ouvre les yeux
33%
Val Abraham
33%
Viridiana
33%
Dans la chambre de Vanda
22%
La Comédie de Dieu
22%
L'Ornithologue
22%
Fermer les yeux
11%
Tabou
11%
Le Bourreau
0%
Le Jour de la bête
0%
Aucun quiz correspondant
Distribution des résultats
% des personnes avec chaque résultat
Percentile par nombre de réponses
Votre historique - résultats
Vous n’avez pas pris ce quiz